Phân tích tài chính doanh nghiệp /

Đã lưu trong:
Chi tiết về thư mục
Tác giả chính: Peyrard, Jostte
Định dạng: Sách
Ngôn ngữ:Vietnamese
Được phát hành: TKE 1999
Các nhãn: Thêm thẻ
Không có thẻ, Là người đầu tiên thẻ bản ghi này!
Thư viện lưu trữ: Mạng thư viện Đại học Đà Nẵng
LEADER 00640nam a2200265 4500
001 000028037
003 PE-JZ
005 20150403120000.0
008 150403s vm 000 vie
020 |c 0,0000 
040 |a notts 
100 |a Peyrard, Jostte 
245 |a Phân tích tài chính doanh nghiệp /  |c JosttePeyrard ; Đỗ Văn Thận dịch. 
260 |b TKE  |c 1999 
OWN |a LTT 
999 |a From the UDN01 
TYP |a Monograph 
TYP |a Printed language 
980 |a Mạng thư viện Đại học Đà Nẵng